| 000 | 00821nam a2200241 a 4500 | ||
|---|---|---|---|
| 005 | 20140310183347.0 | ||
| 008 | 070222s19uu xx 00 eng d | ||
| 020 | _a1-4050-8201-1 | ||
| 050 |
_aPE 1693 _b.F873 2009 |
||
| 100 | _aFrench, Amanda. | ||
| 245 |
_aIELTS foundation study skills : _ba self-study course for all General Training Modules. _cAmanda French. |
||
| 260 |
_aBetween Towns Road, Oxford : _bMacmillan Education, _c2009. |
||
| 300 |
_a112 p. : _c28 cm. |
||
| 521 | _aNUR | ||
| 650 | _aInternational English Language Testing System. | ||
| 650 |
_aEnglish Language _xTextbooks for Foreign Speakers. |
||
| 650 |
_aEnglish Language _xExamination _xStudy guides. |
||
| 700 | _aRoberts, Rachael | ||
| 700 | _aGakonga, Joanne | ||
| 700 | _aPreshous, Andrew | ||
| 942 |
_cBK _2lcc _kFOR |
||
| 999 |
_c21971 _d21971 |
||